<?xml version="1.0" encoding="UTF-8"?>
<record
    xmlns:xsi="http://www.w3.org/2001/XMLSchema-instance"
    xsi:schemaLocation="http://www.loc.gov/MARC21/slim http://www.loc.gov/standards/marcxml/schema/MARC21slim.xsd"
    xmlns="http://www.loc.gov/MARC21/slim">

  <leader>02281nam a2200205 a 4500</leader>
  <controlfield tag="008">011117e2016    ag  |||g |||| 000 f spa d</controlfield>
  <datafield tag="020" ind1=" " ind2=" ">
    <subfield code="a">9789871294695</subfield>
  </datafield>
  <datafield tag="041" ind1=" " ind2=" ">
    <subfield code="a">spa</subfield>
  </datafield>
  <datafield tag="092" ind1=" " ind2=" ">
    <subfield code="c">808</subfield>
    <subfield code="l">51</subfield>
    <subfield code="s">MAZ</subfield>
  </datafield>
  <datafield tag="100" ind1="1" ind2=" ">
    <subfield code="a">Mazal, Osvaldo</subfield>
    <subfield code="9">3323</subfield>
  </datafield>
  <datafield tag="245" ind1=" " ind2=" ">
    <subfield code="a">Darwin poeta.</subfield>
    <subfield code="b">Una novela inclasificable /</subfield>
    <subfield code="c">Osvaldo Mazal</subfield>
  </datafield>
  <datafield tag="250" ind1=" " ind2=" ">
    <subfield code="a">1a ed.</subfield>
  </datafield>
  <datafield tag="260" ind1=" " ind2=" ">
    <subfield code="a">Buenos Aires:</subfield>
    <subfield code="b">Aurelia Rivera;</subfield>
    <subfield code="c">2016.</subfield>
  </datafield>
  <datafield tag="300" ind1=" " ind2=" ">
    <subfield code="a">468 p.</subfield>
    <subfield code="c">20x14 cm.</subfield>
  </datafield>
  <datafield tag="500" ind1=" " ind2=" ">
    <subfield code="a">Mazal, O. (2016). Darwin poeta. Una novela inclasificable. (1a ed.). Buenos Aires : Aurelia Rivera.</subfield>
  </datafield>
  <datafield tag="505" ind1=" " ind2=" ">
    <subfield code="a">Darwin poeta es una novela inclasificable, al mejor estilo de un Macedonio Fern&#xE1;ndez de esta &#xE9;poca. El autor mezcla distintos procedimientos y lenguajes, g&#xE9;neros y discursos para brindar al lector un mundo nuevo, donde la historia, la pol&#xED;tica y los preconceptos sexuales que hay en todo lo que hacemos, marcan un alto momento metaf&#xF3;rico. Mezcla de ciencia ficci&#xF3;n, de un moderado "estalinismo presovi&#xE9;tico", esta novela est&#xE1; destinada a quedar dando vueltas en la memoria del lector, emitiendo como una m&#xE1;quina descompuesta, lucecitas de todos los colores que funcionan como grandes interrogantes nunca develados. Poetas con ataques de ansiedad en los pastizales de la pampa argentina, entre los tambores de una candobl&#xE9; carioca, o en un congreso de la Mosc&#xFA; estalinista. Esas im&#xE1;genes representar&#xED;an bien algunos rasgos de esta historia multiforme que recorre dos siglos. Sin embargo, este libro tiene, como su autor, una mirada desde la periferia obligada de Posadas, en Misiones. Por eso las reflexiones de uno de sus protagonistas junto a un r&#xED;o provinciano y las conversaciones con hombres y mujeres que traen consigo recuerdos y huellas de tiempos y eventos lejanos, dan la cadencia al relato con las notas c&#xE1;lidas y enigm&#xE1;ticas de un mundo que, en lo profundo, nos alcanza a todos. De ese modo, los dial&#xF3;gicos amaneceres en un bote de remos, o las meriendas con una madre con buenas dores para la reposter&#xED;a, con la superficie de una extensa met&#xE1;fora sobre la escritura y ciertas construcciones est&#xE9;ticas, cosmog&#xF3;nicas y amorosas que insisten a lo largo de las &#xE9;pocas que atraviesa esta novela.  </subfield>
  </datafield>
  <datafield tag="590" ind1=" " ind2=" ">
    <subfield code="a">Donaci&#xF3;n. Proyecto Literatura 4to libro</subfield>
  </datafield>
  <datafield tag="655" ind1=" " ind2=" ">
    <subfield code="a">Literatura</subfield>
    <subfield code="9">2917</subfield>
  </datafield>
  <datafield tag="942" ind1=" " ind2=" ">
    <subfield code="2">ddc</subfield>
    <subfield code="c">LIT</subfield>
  </datafield>
  <datafield tag="999" ind1=" " ind2=" ">
    <subfield code="c">2547</subfield>
    <subfield code="d">2547</subfield>
  </datafield>
  <datafield tag="952" ind1=" " ind2=" ">
    <subfield code="0">0</subfield>
    <subfield code="1">0</subfield>
    <subfield code="2">ddc</subfield>
    <subfield code="4">0</subfield>
    <subfield code="7">0</subfield>
    <subfield code="a">BFM</subfield>
    <subfield code="b">BFM</subfield>
    <subfield code="c">CR</subfield>
    <subfield code="d">2017-11-03</subfield>
    <subfield code="e">Donaci&#xF3;n Fondo Nacinal de las Artes, Octubre 2017</subfield>
    <subfield code="l">3</subfield>
    <subfield code="o">808 51 MAZ</subfield>
    <subfield code="p">4009</subfield>
    <subfield code="r">2023-12-18</subfield>
    <subfield code="s">2023-12-18</subfield>
    <subfield code="t">Ej. 1</subfield>
    <subfield code="w">2017-11-03</subfield>
    <subfield code="y">LIT</subfield>
    <subfield code="z">Proyecto 4to Libro, Donaci&#xF3;n Fondo Nacional de las Artes, Octubre 2017</subfield>
  </datafield>
</record>
